2024 22/ Calendrier de l'Avent Géographie 4 - Statistiques

Statistiques générales
  • Ce quiz a été pris 10 fois
  • Le résultat moyen est 16 sur 50
Statistiques - réponses
Hint Réponse % Correct
A Aix-en-Provence
75%
V Valenciennes
75%
V Vienne
75%
V Vierzon
75%
A Alès
63%
A Arles
63%
N Narbonne
63%
T Toul
63%
V Vichy
63%
A Argentan
50%
A Aubusson
50%
A Avranches
50%
N Nyons
50%
V Verdun
50%
A Abbeville
38%
A Ambert
38%
A Argenteuil
38%
E Épernay
38%
T Thionville
38%
V Vendôme
38%
V Villefranche-sur-Saône
38%
A Albertville
25%
A Antony
25%
A Apt
25%
A Arcachon
25%
A Autun
25%
A Avesnes-sur-Helpe
25%
N Nantua
25%
N Nogent-le-Rotrou
25%
N Nontron
25%
T Thiers
25%
T Thonon-les-Bains
25%
T Tournon-sur-Rhône
25%
V Villefranche-de-Rouergue
25%
V Villeneuve-sur-Lot
25%
V Vitry-le-François
25%
V Vouziers
25%
A Altkirch
13%
A Argelès-Gazost
13%
A Avallon
13%
E Étampes
13%
N Nérac
13%
N Nogent-sur-Marne
13%
N Nogent-sur-Seine
13%
V Vervins
13%
V Vire Normandie
13%
N Neufchâteau
0%
T Thann
0%
T Torcy
0%
V Val de Briey
0%
Aucun quiz correspondant
Distribution des résultats
% des personnes avec chaque résultat
Percentile par nombre de réponses
Votre historique - résultats
Vous n’avez pas pris ce quiz